James Bond villain quotes - Statistics

General Stats
  • This quiz has been taken 324 times
  • The average score is 9 of 24
Answer Stats
Hint Answer % Correct
"No, Mr Bond, I expect you to die!" Auric Goldfinger
99%
"Welcome, James. You've come across me so many times, yet you never saw me. What took you so long?" Franz Oberhauser / Ernst Stavro Blofeld
58%
"You can't kill me, I'm already dead." Renard (Victor Zokas)
54%
"... you will snip the little finger of Mr Bond's right hand. On the next wrong answer, you will move on to more vital areas." Dr Kananga ("Mr Big")
49%
"Oh, really? Well, then, the first thing you should know about us is that we have people everywhere. Am I right?" Mr White
47%
"So, what's the choice, James? Two targets, time enough for one shot. The girl, or the mission?" Alec Trevelyan (006)
44%
"To us, Mr Bond. We are the best." Francisco Scaramanga
40%
"Mr Bond, you persist in defying my efforts to provide an amusing death for you." Hugo Drax
40%
"Wow. You've taken good care of your body. Such a waste." Le Chiffre
38%
"Do you see what comes of all this running around, Mr. Bond? All this jumping and fighting, it's exhausting! Relax. You need to relax." Raoul Silva (Tiago Rodrigues)
37%
"Of course, if we destroy Kansas, no-one may hear about it for years." Ernst Stavro Blofeld
35%
"You see, Mr Bond, you can't kill my dreams. But my dreams can kill you. Time to face destiny." Gustav Graves (Col. Tan-Sun Moon)
35%
"East, west, just points of the compass, each as stupid as the other." Dr Julius No
33%
"Mr Osato believes in a healthy chest." Helga Brandt
30%
"The distance between insanity and genius is measured only by success." Elliot Carver
28%
"Observe, Mr Bond, the instruments of Armageddon." Karl Stromberg
28%
"You've had your eight. Now I'll have my eighty." Brad Whitaker
27%
"You might know the right wines, but you're the one on your knees." Red Grant
27%
"Bind that wound. We don't want any blood in the water, not yet." Aris Kristatos
25%
"You should know something: Nobody saw you come in, so nobody has to see you go out." Franz Sanchez
22%
"If you're the best they've got, they'll more likely try and cover up your embarrassing incompetence." Maximillian Zorin
21%
"Do you like wild things, Mr Bond-James-Bond?" Fiona Volpe
20%
"You will need a great deal of luck to get out of this." Kamal Khan
20%
"I may yet surprise you. But I'm afraid you have no surprises left for me. I know all about your mission, Mr Bond." Ernst Stavro Blofeld
16%
No matching quizzes found
Score Distribution
Percent of People with Each Score
Percentile by Number Answered
Your Score History
You have not taken this quiz